[Event "IECC TH-M email"]
[Site "IECC email"]
[Date "2003.06.19"]
[Round "?"]
[White "Sakic, Radislav"]
[Black "Fischer, Albert Jan"]
[Result "1-0"]
[WhiteElo "2231"]
[BlackElo "1612"]
[PlyCount "69"]
[EventDate "2003.??.??"]
[EventType "match (corr)"]
[EventRounds "2"]
[SourceTitle "Corr 2008"]
[Source "ChessBase"]
[SourceDate "2008.06.24"]
[SourceVersion "1"]
[SourceVersionDate "2008.06.24"]
[SourceQuality "1"]

1. e4 c5 2. Nf3 Nc6 3. d4 cxd4 4. Nxd4 Nf6 5. Nc3 e5 6. Ndb5 d6 7. Bg5 a6 8. Na3 b5 9. Bxf6 gxf6 10. Nd5 f5 11. Bd3 Be6 12. 0-0 Bg7 13. Qh5 f4 14. c4 bxc4 15. Bxc4 0-0 16. Rac1 Ne7 17. Rfd1 Rc8 18. Nxe7+ Qxe7 19. Rc3 Qd7 20. Bxe6 Qxe6 21. Rxc8 Rxc8 22. b3 Rc5 23. h3 d5 24. b4 Rc3 25. exd5 Qb6 26. d6 Rxa3 27. Qh4 Rxa2 28. d7 Bf6 29. d8Q+ Bxd8 30. Rxd8+ Kg7 31. Qg5+ Qg6 32. Qxe5+ Kh6 33. Qxf4+ Qg5 34. Rd6+ f6 35. Rxf6+ 1-0

[Event "IECC CL4-2003.05 email"]
[Site "IECC email"]
[Date "2003.02.28"]
[Round "?"]
[White "Kowalski, Boleslaw"]
[Black "Fischer, Albert Jan"]
[Result "1-0"]
[WhiteElo "1787"]
[BlackElo "1620"]
[PlyCount "81"]
[EventDate "2003.??.??"]
[EventType "tourn (corr)"]
[EventRounds "4"]
[SourceTitle "Corr 2008"]
[Source "ChessBase"]
[SourceDate "2008.06.24"]
[SourceVersion "1"]
[SourceVersionDate "2008.06.24"]
[SourceQuality "1"]

1. e4 e5 2. Nf3 Nf6 3. Nc3 Nc6 4. Bb5 Bc5 5. 0-0 Nd4 6. Nxe5 0-0 7. Nd3 Bb6 8. e5 Nxb5 9. Nxb5 Ne4 10. Nc3 d5 11. Na4 c6 12. Nxb6 Qxb6 13. b3 Be6 14. Ba3 Rfe8 15. c4 dxc4 16. bxc4 Bxc4 17. Rb1 Qa6 18. Nb4 Qxa3 19. Re1 Nc5 20. Qc2 Bxa2 21. Nxa2 Nd7 22. d4 Nb6 23. Nc3 Qe7 24. Ne4 Rad8 25. Red1 Rd7 26. Qa2 Nc8 27. Nc5 Rc7 28. Qb3 b5 29. Na6 Rb7 30. Qc2 Rb6 31. Nc5 a5 32. Rb3 a4 33. Rh3 h6 34. f4 Qd8 35. f5 Qg5 36. Ne4 Qd8 37. Qc1 Kf8 38. Rxh6 Ne7 39. Rh8+ Ng8 40. f6 Qd5 41. Qg5 1-0